=LDR 00000nam 2200000 4500 =001 NUTBA000000000003555 =990 ##$$a 0001/BPAP-NTB/20142015 =005 20140821123807.0 =990 ##$$a 0001/BPAP-NTB/20142014 =006 =007 =008 =020 ##$$a 979-3944-88-9 =035 ##$$0010-081400000000400 =082 ##$$a 492.7-Maa-i =100 ##$$a Syamsul Ma'arif =245 ##$$a Sharaf ilmu tashrif =250 ##$$a Cet.1 =260 ##$$a Bandung $b Nuansa Aulia $c 2007 =300 ##$$a 240 Hlm $c 21 Cm =990 ##$$a 0001/BPAP-NTB/20142014 =990 ##$$a 0001/BPAP-NTB/20142015